Leader xxxxxxxxxx
001 __ PCLIS00045273
005 __ 20221227132154.0
010 0_ |a978-986-287-797-5|b平裝|dNT$220
100 __ |a20121128d2012 m y0chiy09 e
101 0_ |achi
102 __ |atw
105 __ |aa z 000ay
200 1_ |a蒼髮的蜻蜓姬|dDragonfly princess|zeng|f墨熊作|gDomotoLain插畫
205 __ |a初版
210 __ |a臺北市|c台灣國際角川|d2012[民101]
215 0_ |a310面|c部分彩圖, 彩色摺圖|d19公分
225 1_ |aKadokawa fantastic novels
300 __ |a作者號由t038補0, 由t561刪除
510 1_ |aDragonfly princess|zeng
681 __ |a857.7|b855
681 __ |a857.7|b8550 2012
700 _0 |a墨熊|4著
702 _0 |aDomotoLain|4繪
801 _0 |atw|b內湖高中|c20121128|gCCR
801 _2 |atw|b內湖高中|c20221227|gCCR
|